书目信息 |
| 题名: |
非线性多尺度耦合系统的簇发行为及其分岔
|
|
| 作者: | 李向红 , 毕勤胜 著 | |
| 分册: | ||
| 出版信息: | 北京 科学出版社 2017.04 |
|
| 页数: | 163页 | |
| 开本: | 24cm | |
| 丛书名: | 非线性动力学丛书 | |
| 单 册: | ||
| 中图分类: | O322 , O313 | |
| 科图分类: | ||
| 主题词: | 耦合系统--非线性力学--动力学--研究 , 理论力学 , 一般力学 | |
| 电子资源: | ||
| ISBN: | 978-7-03-052406-5 | |
| 000 | 01373oam2 2200301 450 | |
| 001 | 3701 | |
| 005 | 20181008132654.14 | |
| 010 | @a978-7-03-052406-5@dCNY69.00 | |
| 100 | @a20171018d2017 em y0chiy50 ea | |
| 101 | 0 | @achi |
| 102 | @aCN@b110000 | |
| 105 | @aa z 001yy | |
| 200 | 1 | @a非线性多尺度耦合系统的簇发行为及其分岔@9fei xian xing duo chi du ou he xi tong de cu fa xing wei ji qi fen cha@dBursting behavior and bifurcation in nonlinear systems with multiple scales coupling@f李向红,毕勤胜著@zeng |
| 210 | @a北京@c科学出版社@d2017.04 | |
| 215 | @a163页@c图@d24cm | |
| 225 | 1 | @a非线性动力学丛书@v24@f胡海岩主编 |
| 330 | @a本书针对各工程领域中广泛存在的多时间尺度耦合系统的非线性动力学行为展开研究,主要内容包括揭示几类化工系统和机械系统中存在的簇发振荡行为及其分岔机理,探讨研究多尺度耦合系统的分析方法。本书紧紧围绕国内外研究热点展开,既有系统的理论分析,又有详实的数值模拟,反映了该学科近十几年的研究成果。 | |
| 461 | 0 | @12001 @a非线性动力学丛书 |
| 510 | 1 | @aBursting behavior and bifurcation in nonlinear systems with multiple scales coupling@zeng |
| 606 | 0 | @a耦合系统@x非线性力学@x动力学@x研究 |
| 606 | 0 | @a理论力学 |
| 606 | 0 | @a一般力学 |
| 690 | @aO322@v5 | |
| 690 | @aO313@v4 | |
| 701 | 0 | @a李向红@9li xiang hong@c(力学)@4著 |
| 701 | 0 | @a毕勤胜@9bi qin sheng@c(力学)@4著 |
| 801 | 0 | @aCN@b91MARC@c20171018 |
| 905 | @aMuseLib@dO313@e8 | |
| 非线性多尺度耦合系统的簇发行为及其分岔=Bursting behavior and bifurcation in nonlinear systems with multiple scales coupling/李向红,毕勤胜著.-北京:科学出版社,2017.04 |
| 163页:图;24cm.-(非线性动力学丛书;24/胡海岩主编) |
| ISBN 978-7-03-052406-5:CNY69.00 |
| 本书针对各工程领域中广泛存在的多时间尺度耦合系统的非线性动力学行为展开研究,主要内容包括揭示几类化工系统和机械系统中存在的簇发振荡行为及其分岔机理,探讨研究多尺度耦合系统的分析方法。本书紧紧围绕国内外研究热点展开,既有系统的理论分析,又有详实的数值模拟,反映了该学科近十几年的研究成果。 |
| ● |
| 相关链接 |
|
|
|
|
正题名:非线性多尺度耦合系统的簇发行为及其分岔
索取号:O313/8
 
预约/预借
| 序号 | 登录号 | 条形码 | 馆藏地/架位号 | 状态 | 备注 |
| 1 | 1123297 | 211232977 | 第二样本阅览室/ [索取号:O313/8] | 在馆 | |
| 2 | 1123298 | 211232986 | 第三借阅区/ [索取号:O313/8] | 在馆 | |
| 3 | 1123299 | 211232995 | 第三借阅区/ [索取号:O313/8] | 在馆 | |
| 4 | 1123300 | 211233002 | 第三借阅区/ [索取号:O313/8] | 在馆 | |
| 5 | 1123301 | 211233011 | 密集书库-物理学院/ [索取号:O313/8] | 在馆 |